000 00646nam a22001817a 4500
003 DO-CoUTE
005 20260220142211.0
008 260220b dr ||||| |||| 00| 0 spa d
020 _a978-9945-586-35-0
040 _aDO-CoUTE
_bspa
_cDO-CoUTE
082 _aRD 972.9356 A162g
100 1 0 _aAbreu Cardet, José Miguel
_eautor
245 1 0 _aLa gran indignación /
_bSantiago de los Caballeros 24 de febrero de 1863 (documentos y análisis)
260 _aSanto Domingo :
_bArchivo General de la Nación,
_c2015
300 _a524 Pagina ;
_c24cm.
500 _aIncluye referencias bibliográficas y notas al pie de las páginas
942 _2ddc
_cBK
999 _c24060
_d24060